|
|
|
|
| LEADER |
00956nab#a2200337#ar4500 |
| 001 |
000000677 |
| 003 |
SVKKK |
| 005 |
00000000000000.0 |
| 008 |
c xo e sloo |
| FMT |
|
|
|
| 038 |
|
|
|a SVKKK
|
| 040 |
|
|
|a SVKKK
|b slo
|e AACR2
|
| 041 |
0 |
|
|a slo
|b eng
|
| 044 |
|
|
|a xo
|c SK
|
| 080 |
|
|
|a 553.7.031.2(Vz
|2 1981
|
| 100 |
1 |
|
|a Václav, Jozef
|4 aut
|
| 245 |
1 |
0 |
|a K otázke vnútrožilnej metasomatózy hydrotermálnych žíl v centrálnej časti Spišsko-gemerského rudohoria
|c Václav Jozef,
|
| 300 |
|
|
|b Obr. 7,
|
| 504 |
|
|
|a Res. angl., rus., lit.
|
| 650 |
0 |
4 |
|a Švedlár (SN)
|z Stará Voda (SN)
|x výskumy
|x štúdie
|
| 650 |
0 |
4 |
|a žily hydrotermálne
|x metasomatóza vnútrožilná
|
| 773 |
0 |
|
|t Mineralia slovaca
|g Roč. 12, č. 2(1980), s. 177-184
|
| 957 |
|
|
|a Stará Voda
|
| 957 |
|
|
|a Švedlár
|
| 958 |
|
|
|a NA
|
| 958 |
|
|
|a RE
|
| 974 |
|
|
|d 960312
|a Čr
|
| 992 |
|
|
|a RBX
|
| BAS |
|
|
|
| 852 |
|
|
|a SVKKK
|b BIB
|
| 998 |
|
|
|a GEO
|